000 00329nam a2200133Ia 4500
005 20251222155210.0
008 251222s9999||||xx |||||||||||||| ||spa||
082 _aMEQ.134
100 _aCARRANZA RODRIG.
245 0 _aVademecum Académico de Medicamentos
250 _a2da. ed.
264 _bInteramericana S.A.
942 _cLIB
999 _c40256
_d40256